| 000 | 00343nam a2200133Ia 4500 | ||
|---|---|---|---|
| 008 | 240624s9999 xx 000 0 und d | ||
| 041 | _aeng | ||
| 082 | _a823 PUF | ||
| 100 | _aMEHTANI HENU | ||
| 245 | _aPUFFIN BOOK OF ANIMAL STORIES FOR 6 YEAR | ||
| 260 |
_c2012 _aNew Delhi _bPuffin Books |
||
| 300 | _a111 : p. : cm. ; 20 | ||
| 365 |
_cRS _b25 |
||
| 999 |
_c19978 _d19978 |
||